| 000 | 01059nam a2200373 a 4500 | ||
|---|---|---|---|
| 003 | AR-BaBNM | ||
| 005 | 20251128210259.0 | ||
| 008 | 082120s2002 ||||||||||||||000 | spa|| | ||
| 020 | _a85-16-01313-8 | ||
| 040 | _cAR-BaBNM | ||
| 100 | 1 | _aMatui, Jiron | |
| 245 | 0 | 0 |
_aConstrutivismo _bteoría construtivista sócio-histórica aplicada ao ensino |
| 260 |
_aSan Pablo _bEditora Moderna _c1996 |
||
| 300 |
_a247 p. _bil. |
||
| 504 | _aContiene bibliografía p. 243-247 | ||
| 600 | 1 | 4 | _aKant, Immanuel |
| 600 | 1 | 4 | _aChomsky, Noam |
| 600 | 1 | 4 | _aPiaget, Jean |
| 600 | 1 | 4 | _aSaviani, Dermeval |
| 650 | 4 | _aPSICOLOGIA DE LA EDUCACION | |
| 650 | 4 | _aCONOCIMIENTO | |
| 650 | 4 | _aDIDACTICA | |
| 650 | 4 | _aMETODOS DE ENSEÑANZA | |
| 650 | 4 | _aROL DEL DOCENTE | |
| 650 | 4 | _aPRAXIS EDUCATIVA | |
| 650 | 4 | _aPSICOLOGIA GENETICA | |
| 650 | 4 | _aTEORIA DE LOS ESTADIOS [PIAGET] | |
| 650 | 4 | _aPSICOLOGIA DEL NIÑO | |
| 650 | 4 | _aPROCESO DE APRENDIZAJE | |
| 650 | 4 | _aFORMACION DE CONCEPTOS | |
| 653 | _aCONSTRUCTIVISMO | ||
| 942 | _cBK | ||
| 998 | _cRaquel | ||
| 999 |
_c14762 _d14762 |
||